| 000 | 00641nam a2200217Ia 4500 | ||
|---|---|---|---|
| 003 | OSt | ||
| 005 | 20250423144631.0 | ||
| 008 | 210423s2012 xx 000 0 und d | ||
| 020 | _a333925483 | ||
| 040 | _cAL | ||
| 041 | _aeng | ||
| 082 |
_a530.15 GHAM _223 |
||
| 100 |
_aGHATAK (A K);others. _995024 |
||
| 245 | _aMathematical physics: differential equations and transform theory. | ||
| 260 |
_aNew Delhi _bMacmillan India Ltd _c2012 |
||
| 300 |
_axv,613 _bPB |
||
| 365 |
_b295 _cINR |
||
| 650 |
_aMathematical Physics _995025 |
||
| 906 | _adifferential ; equations ; Mathematical ; physics: ; theory. ; transform | ||
| 942 |
_2ddc _cBK |
||
| 999 |
_c161973 _d161973 |
||